[Event "TCh-FRA"]
[Site "Montpellier FRA"]
[Date "2001.04.29"]
[Round "9"]
[White "Pujos,S"]
[Black "Hoffmann,Re"]
[Result "1-0"]
[WhiteElo "2273"]
[BlackElo "2177"]

1.e4 d6 2.d4 Nf6 3.Nc3 e5 4.Nf3 Nbd7 5.Bc4 Be7 6.O-O O-O 7.Re1 c6 8.a4 b6
9.d5 Bb7 10.b3 a6 11.Ba3 Qc7 12.Re2 Nc5 13.Bb2 Rab8 14.b4 b5 15.Ba2 Ncd7
16.dxc6 Bxc6 17.a5 Qb7 18.Nd5 Bxd5 19.exd5 Rfe8 20.Rc1 Rbc8 21.h3 Bf8 22.Ng5 h6
23.Ne6 Be7 24.f4 fxe6 25.dxe6 Nf8 26.fxe5 dxe5 27.Rxe5 Rc4 28.Bxc4 bxc4 29.Qd4 Ng6
30.Rf5 Qxb4 31.Bc3 Qb7 32.Rcf1 Rd8 33.Qxc4 Rc8 34.Qd3 Nh4 35.R5f2 Nd5 36.Bd4 Nf4
37.Qg3 Bd6 38.Qxh4 Nxe6 39.Be3 Rc3 40.Rf3 Rxe3 41.Rxe3 Bc5 42.Re1  1-0

[Event "TCh-FRA"]
[Site "Montpellier FRA"]
[Date "2001.04.29"]
[Round "9"]
[White "Moncamp,G"]
[Black "Franc,N"]
[Result "1-0"]
[WhiteElo "2242"]
[BlackElo "2130"]

1.e4 d6 2.d4 Nf6 3.Nc3 Nbd7 4.g4 h6 5.Bg2 e5 6.h3 Be7 7.Nge2 c6 8.Ng3 g6
9.Be3 Qa5 10.Qd2 Bf8 11.O-O h5 12.g5 h4 13.gxf6 hxg3 14.fxg3 Nb6 15.Qe2 exd4
16.Bxd4 Bxh3 17.e5 dxe5 18.Bxh3 Rxh3 19.Bxe5 Kd8 20.Rad1+ Nd5 21.Nxd5 cxd5
22.c4 Bc5+ 23.Kg2 Rh5 24.Rxd5+  1-0

[Event "2nd ch-EUR Women"]
[Site "Warsaw POL"]
[Date "2001.04.29"]
[Round "7"]
[White "Georgieva,L"]
[Black "Agababean,N"]
[Result "1-0"]
[WhiteElo "2162"]
[BlackElo "2362"]

1.e4 d6 2.d4 Nf6 3.Nc3 c6 4.h3 b5 5.e5 Ng8 6.f4 d5 7.Bd3 e6 8.Nf3 g6 9.O-O Ne7
10.Bd2 Nf5 11.Ne2 a6 12.Qe1 Be7 13.Bb4 O-O 14.Bxe7 Qxe7 15.Qf2 Ng7 16.Ng5 h6
17.Nf3 Nd7 18.g4 c5 19.c3 cxd4 20.cxd4 Nb6 21.b3 Bd7 22.Nh4 Qb4 23.Qe3 Qe7
24.Qg3 b4 25.Kh2 Bb5 26.Bxb5 axb5 27.f5 exf5 28.gxf5 Qg5 29.fxg6 Qxg3+ 30.Kxg3 fxg6
31.Nxg6 Rxf1 32.Rxf1 Rxa2 33.Rf8+ Kh7 34.Nef4 Nh5+ 35.Nxh5 Kxg6 36.Nf4+ Kg7
37.Rb8 Ra6 38.e6  1-0

[Event "TCh-FRA"]
[Site "Montpellier FRA"]
[Date "2001.04.30"]
[Round "10"]
[White "Boudre,JP"]
[Black "Mensch,E"]
[Result "0-1"]
[WhiteElo "2355"]
[BlackElo "2349"]

1.e4 d6 2.d4 Nf6 3.Nc3 Nbd7 4.f3 e5 5.Be3 Be7 6.Qd2 O-O 7.O-O-O c6 8.g4 b5
9.Kb1 exd4 10.Bxd4 b4 11.Nce2 c5 12.Be3 Ne5 13.Nf4 Rb8 14.g5 Nxf3 15.Nxf3 Nxe4
16.Qc1 Bg4 17.Be2 Nc3+ 18.bxc3 bxc3+ 19.Ka1 Qa5 20.Nd5 Rb2 21.Nxe7+ Kh8 22.Qxb2 cxb2+
23.Kb1 c4 24.Rhg1 Be6 25.Nc6 Qa3 26.Nfd4 Qxe3 27.Rg3 Qe4 28.Rf1 Bd7 29.Bf3 Qf4
30.Bg2 Qd2 31.g6 c3 32.a3 Rc8 33.Nf3 Qf4 34.gxf7 Qxf7 35.Ncd4 Qc4 36.Rd1 h6
37.Bf1 Qc5 38.Bd3 Qxa3 39.Nb3 d5 40.Rdg1 Qe7 41.Ka2 a5 42.Rg6 b1=Q+ 43.Rxb1 Qb4
44.Nc5  0-1

[Event "TCh-FRA"]
[Site "Montpellier FRA"]
[Date "2001.04.30"]
[Round "10"]
[White "Gallagher,Jo"]
[Black "Toulzac,PY"]
[Result "1-0"]
[WhiteElo "2524"]
[BlackElo "2256"]

1.e4 d6 2.d4 Nf6 3.Nc3 c6 4.f4 Qa5 5.Bd3 e5 6.Nf3 Bg4 7.Be3 Nbd7 8.O-O Be7
9.h3 Bh5 10.Kh1 O-O 11.dxe5 dxe5 12.f5 Bxf3 13.Qxf3 Bb4 14.Bd2 Nc5 15.a3 Bxc3
16.Bxc3 Qc7 17.g4 Nxd3 18.cxd3 Nd7 19.g5 f6 20.Rg1 c5 21.h4 Rad8 22.Rg3 c4
23.dxc4 Qxc4 24.gxf6 Rxf6 25.Rag1 g6 26.Qd3 Qxd3 27.Rxd3 Kf7 28.Bxe5 Nxe5
29.Rxd8 gxf5 30.exf5 Rxf5 31.Rb8 Rh5 32.Rxb7+ Ke6 33.Rb4 Nd3 34.Rd4 Ne5 35.Rg5 Rxg5
36.hxg5 Nf3 37.Ra4 Nxg5 38.Rxa7 Kd6 39.Kg2 Kc6 40.Rg7 h6 41.Rxg5  1-0

[Event "2nd ch-EUR Women"]
[Site "Warsaw POL"]
[Date "2001.04.30"]
[Round "8"]
[White "Agrest,S"]
[Black "Nill,J"]
[Result "1/2-1/2"]
[WhiteElo "2215"]
[BlackElo "2259"]

1.e4 d6 2.d4 Nf6 3.Nc3 c6 4.h3 Nbd7 5.Nf3 e5 6.a4 Be7 7.Bc4 O-O 8.O-O b6
9.Re1 Bb7 10.Ba2 a6 11.dxe5 dxe5 12.Nh4 b5 13.Nf5 Nc5 14.Qxd8 Bxd8 15.b4 Ncd7
16.Be3 Bb6 17.Nd6 Rab8 18.axb5 axb5 19.Bxb6 Nxb6 20.Bb3 Nc8 21.Nxb7 Rxb7
22.Ra6 Nb6 23.Rd1 Nfd7 24.Rd6 Nb8 25.Ra1 Rd7 26.Rxd7 N8xd7 27.Ra7 Ra8  1/2-1/2

[Event "2nd ch-EUR Women"]
[Site "Warsaw POL"]
[Date "2001.05.01"]
[Round "9"]
[White "Galliamova,A"]
[Black "Ionescu Brandis,I"]
[Result "1-0"]
[WhiteElo "2554"]
[BlackElo "2339"]

1.e4 d6 2.d4 Nf6 3.Nc3 e5 4.Nf3 Nbd7 5.g3 Be7 6.Bg2 O-O 7.O-O c6 8.a4 Qc7
9.b3 Re8 10.Ba3 Bf8 11.Qd2 b6 12.Nh4 Ba6 13.Rfd1 Rad8 14.Nf5 h6 15.dxe5 dxe5
16.Bd6 Bxd6 17.Qxd6 Qxd6 18.Rxd6 g6 19.Ne3 Bb7 20.Rad1 Kf8 21.Nc4 Ke7 22.f4 Ba6
23.Nxe5 Nxe5 24.fxe5 Ng4 25.Rxc6 Rxd1+ 26.Nxd1 Rd8 27.Rd6 Rxd6 28.exd6+ Kxd6
29.h3 Ne5 30.Kf2 Kc5 31.Ke3 b5 32.axb5 Bxb5 33.c3 a5 34.Nb2 Bd7 35.Bf1 Be6
36.Na4+ Kd6 37.c4 Bd7 38.Nb6 Kc5 39.Kf4 Kxb6 40.Kxe5 Kc5 41.Kf6 Be6 42.Be2 h5
43.e5 Kd4 44.Bf3 Bxh3 45.Bd5 g5 46.Kxg5 Kxe5 47.Bxf7 Bf5 48.Kxh5 Bc2 49.c5 a4
50.bxa4 Bxa4 51.g4 Bd1 52.c6 Bf3 53.c7 Bb7 54.g5 Bc8 55.g6 Kf6 56.Kh6 Bf5
57.Bc4  1-0

[Event "2nd ch-EUR Women"]
[Site "Warsaw POL"]
[Date "2001.05.02"]
[Round "10"]
[White "Hlgatian,G"]
[Black "Benderac,A"]
[Result "0-1"]
[WhiteElo "2258"]
[BlackElo "2230"]

1.e4 d6 2.d4 Nf6 3.Nc3 e5 4.dxe5 dxe5 5.Qxd8+ Kxd8 6.Bc4 Be6 7.Bxe6 fxe6
8.Bg5 Nd7 9.O-O-O Bc5 10.f3 Ke7 11.Nh3 c6 12.Rhe1 h6 13.Bh4 g5 14.Bf2 b5
15.g3 Bxf2 16.Nxf2 Rhf8 17.Re3 Nb6 18.b3 Rad8 19.Nd3 Nfd7 20.Nb4 Rc8 21.Na6 Nb8
22.Nc5 N8d7 23.Na6 Nb8 24.Nc5 N8d7 25.Nd3 a5 26.Ne2 c5 27.Rf1 c4 28.Ne1 Nc5
29.h3 cxb3 30.axb3 a4 31.bxa4 b4 32.f4 Nc4 33.Ref3 gxf4 34.gxf4 b3 35.cxb3 Nxb3+
36.Rxb3 Ne3+ 37.Kb2 Nxf1 38.Nd3 Rb8 39.Nxe5 Rxb3+ 40.Kxb3 Kd6 41.Nf3 Rg8
42.Kc4 Ne3+ 43.Kd3 Nd1 44.h4 Nb2+ 45.Kd4 Nxa4 46.f5 exf5 47.exf5 Rg4+ 48.Ke3 Nb6
49.Kf2 Nd7 50.h5 Nf6 51.Ng3 Ne4+ 52.Nxe4+ Rxe4 53.Kg3 Ra4 54.Nh2 Ra3+ 55.Kg2 Ke5
56.Ng4+ Kxf5 57.Nxh6+ Kg5 58.Nf7+ Kxh5 59.Ne5 Re3 60.Nf3 Kg4 61.Ng1 Ra3 62.Ne2 Rb3
63.Kf2 Rf3+ 64.Kg2 Rf8 65.Ng1 Kf4 66.Nf3 Ke3 67.Ng1 Rg8+ 68.Kh2 Kf2 69.Nh3+ Kf1
70.Nf4 Rg4 71.Nh3 Rg2+ 72.Kh1 Rg3 73.Nf4 Rf3  0-1

[Event "2nd ch-EUR Women"]
[Site "Warsaw POL"]
[Date "2001.05.02"]
[Round "10"]
[White "Sosnowska,E"]
[Black "Alieva,E"]
[Result "0-1"]
[WhiteElo "2095"]
[BlackElo "2257"]

1.e4 d6 2.d4 Nf6 3.Nc3 c6 4.f4 Qa5 5.Bd3 e5 6.Nf3 Bg4 7.Be3 Nbd7 8.O-O Be7
9.Kh1 Nh5 10.Qd2 Bxf3 11.Rxf3 Bf6 12.Qf2 Nxf4 13.Bxf4 exf4 14.Rxf4 Qb6 15.Ne2 Qxb2
16.Rf1 O-O-O 17.a4 Kb8 18.c3 Qa2 19.Rb1 Qxa4 20.e5 Be7 21.Rxf7 Rhf8 22.e6 Nb6
23.Bxh7 Qa2 24.Rxf8 Rxf8 25.Qe3 Nc4 26.Qd3 Na3 27.Rd1 Qxe6 28.Ng3 d5 29.Bf5 Qh6
30.Bh3 g6 31.Ra1 Nc4 32.Rb1 Bd6 33.Bd7 Kc7 34.Bh3 Rf6 35.Re1 Qd2 36.Qxd2 Nxd2
37.Ne2 Ne4 38.Kg1 Nf2 39.Ra1 a6 40.Rc1 g5 41.Be6 Nd3 42.Bg4 Nxc1 43.Nxc1 Bf4  0-1

[Event "2nd ch-EUR Women"]
[Site "Warsaw POL"]
[Date "2001.05.03"]
[Round "11"]
[White "Trabert,B"]
[Black "Agrest,S"]
[Result "1-0"]
[WhiteElo "2269"]
[BlackElo "2215"]

1.e4 d6 2.d4 Nf6 3.Nc3 e5 4.Nf3 Nbd7 5.Bc4 Be7 6.O-O O-O 7.Re1 c6 8.a4 b6
9.d5 cxd5 10.Nxd5 Nxd5 11.Bxd5 Rb8 12.b3 Nf6 13.Ba3 Nxd5 14.Qxd5 Be6 15.Qd2 Qc7
16.c4 h6 17.h3 Kh8 18.Rad1 Rbd8 19.Qe2 Rd7 20.Nd2 g6 21.Nb1 Kh7 22.Nc3 Qd8
23.Rd3 f5 24.Red1 a6 25.exf5 gxf5 26.Nd5 Bxd5 27.Rxd5 Rf6 28.Qd3 Kg8 29.Bb2 e4
30.Qg3+ Kf7 31.Bxf6 Kxf6 32.Qf4  1-0

[Event "XXXVI Capablanca Mem Elite"]
[Site "Havana CUB"]
[Date "2001.05.06"]
[Round "2"]
[White "Bruzon,L"]
[Black "Miles,A"]
[Result "1/2-1/2"]
[WhiteElo "2589"]
[BlackElo "2562"]

1.e4 d6 2.d4 Nf6 3.Nc3 c6 4.f3 Nbd7 5.Be3 e5 6.Qd2 Be7 7.O-O-O Qa5 8.Kb1 b5
9.g4 Nb6 10.a3 Nc4 11.Bxc4 bxc4 12.g5 Nd7 13.d5 Bb7 14.Nge2 Nb6 15.f4 cxd5
16.exd5 O-O-O 17.Ng3 Kb8 18.f5 f6 19.h4 Ka8 20.Nge4 Rhf8 21.Rhf1 Rd7 22.h5 fxg5
23.Bxg5 Bxg5 24.Nxg5 Rb8 25.Ka1 Bc8 26.Ne6 Na4 27.Nxa4 Qxa4 28.h6 Rdb7 29.Rb1 gxh6
30.f6 Qe8 31.Rbd1 Rf7 32.c3 Bxe6 33.dxe6 Qxe6 34.Qxd6 Qxd6 35.Rxd6 Rb6 36.Rd8+ Kb7
37.Re8 Rbxf6 38.Rxf6 Rxf6 39.Rxe5 Kb6 40.Re7 Rf1+ 41.Ka2 Rh1 42.Rxh7 a6  1/2-1/2

[Event "3rd Julian Borowski B"]
[Site "Essen GER"]
[Date "2001.05.07"]
[Round "5"]
[White "Naiditsch,A"]
[Black "Fridman,D"]
[Result "1/2-1/2"]
[WhiteElo "2487"]
[BlackElo "2559"]

1.e4 d6 2.d4 Nf6 3.Nc3 e5 4.Nf3 Nbd7 5.Bc4 Be7 6.O-O O-O 7.Re1 c6 8.a4 Qc7
9.b3 h6 10.Bb2 Re8 11.Bd3 Bf8 12.Qd2 g6 13.Rad1 Bg7 14.Bf1 Nf8 15.h3 Ne6
16.d5 cxd5 17.Nxd5 Nxd5 18.Qxd5 Qxc2 19.Rd2 Qc5 20.Qxd6 Qxd6 21.Rxd6 Bf8
22.Rd5 Nc7 23.Rd3 f6 24.Rc1 Na6 25.Rdd1  1/2-1/2

[Event "TCh-YUG"]
[Site "Herceg Novi YUG"]
[Date "2001.05.15"]
[Round "2"]
[White "Pavlovic,Dej"]
[Black "Lazic,Mi"]
[Result "1/2-1/2"]
[WhiteElo "2289"]
[BlackElo "2475"]

1.e4 d6 2.d4 Nf6 3.Nc3 c6 4.f4 Qa5 5.Bd3 e5 6.Nf3 Nbd7 7.O-O Be7 8.Kh1 O-O
9.Be3 Qc7 10.a4 a5 11.Qe1 Nh5 12.Ne2 exd4 13.Nfxd4 Nc5 14.Nc3 Re8 15.Qd1 Nf6
16.Qf3 Bf8 17.Rae1 Bg4 18.Qg3 Bd7 19.Bg1 g6 20.f5 Nxd3 21.cxd3 Bg7 22.Qh4  1/2-1/2

[Event "ch-LTU"]
[Site "Kaunas LTU"]
[Date "2001.05.15"]
[Round "9"]
[White "Mikenas,A"]
[Black "Slapikas,V"]
[Result "0-1"]
[WhiteElo "2180"]
[BlackElo "2448"]

1.d4 d6 2.e4 Nf6 3.Nc3 c6 4.Be2 e5 5.dxe5 dxe5 6.Qxd8+ Kxd8 7.f4 Bb4 8.Bd2 exf4
9.O-O-O Be6 10.a3 Ba5 11.Nf3 Nbd7 12.Ng5 h6 13.Nxe6+ fxe6 14.Bxf4 Bxc3 15.bxc3 Nxe4
16.Bg4 Re8 17.Rhf1 Ke7 18.c4 Ndf6 19.Rde1 Rad8 20.Bh3 b6 21.g3 Nc5 22.Re3 Rd4
23.Be5 Rxc4 24.c3 Rd8 25.Kc2 Re4 26.Rfe1 Rxe3 27.Rxe3 g5 28.Bd4 Nfd7 29.Bg2 Kd6
30.Bg7 Rg8 31.Bd4 Rf8 32.Re2 Rf7 33.g4 Rf4 34.h3 e5 35.Be3 Ra4 36.Rd2+ Kc7
37.Kb2 Ne6 38.Bf3 Ndc5 39.h4 Rc4 40.hxg5 hxg5 41.Rh2 Na4+ 42.Kc2 e4 43.Rh7+ Kd6
44.Bh1 Rxc3+ 45.Kd2 Rd3+ 46.Ke2 Nc3+ 47.Kf2 Nd1+ 48.Ke2 Nxe3 49.Bxe4 Rxa3
50.Kd2 Nc4+ 51.Kc1 Nd4 52.Rh6+ Ke5 53.Bb1 Rg3  0-1

[Event "Open"]
[Site "Pula CRO"]
[Date "2001.05.21"]
[Round "4"]
[White "Furlan,M"]
[Black "Matic,Z"]
[Result "1/2-1/2"]
[WhiteElo "2326"]
[BlackElo "2193"]

1.e4 d6 2.d4 Nf6 3.Nc3 c6 4.a4 Qa5 5.Bd3 e5 6.Ne2 Be7 7.O-O O-O 8.Bd2 Qc7
9.a5 Re8 10.h3 Bf8 11.f4 Nbd7 12.Kh1 a6 13.Be3 exd4 14.Bxd4 c5 15.Bxf6 Nxf6
16.b3 Bd7 17.f5 Bc6 18.Nf4 Re5 19.Nfd5 Bxd5 20.Nxd5 Nxd5 21.exd5 Rae8 22.Qf3 Be7
23.Ra4 Bf6 24.Qg3 Re3 25.Qg4 Re1 26.Qg3 Qe7 27.Rf4 Qe5 28.Rxe1 Qxe1+ 29.Qxe1 Rxe1+
30.Rf1 Rxf1+ 31.Bxf1 Kf8 32.g4 Ke7 33.Kg2 Bg5 34.Kf3 Kf6 35.Ke4 Bd2 36.h4 h6
37.h5 Bxa5 38.Be2 Bd2 39.c4 Bc3 40.Bf1 Ke7 41.Kd3 Be1 42.Be2 b5 43.cxb5 axb5
44.Ke4 c4 45.bxc4 b4 46.Bd1 Bf2 47.Ba4 Kf6 48.Bc2 Kg5 49.Kf3 Bc5 50.Bd1 Kh4
51.Bc2 f6 52.Bd1 Kh3 53.Ke4 Kg3 54.Kd3 Kf4 55.Kc2 Ke3 56.Kb3 Kd3 57.Bc2+ Ke2
58.Be4  1/2-1/2

[Event "6th Stuttgart Open"]
[Site "Ditzingen GER"]
[Date "2001.05.24"]
[Round "1"]
[White "Voloshin,L"]
[Black "Tsolakidis,P"]
[Result "1/2-1/2"]
[WhiteElo "2420"]
[BlackElo "2049"]

1.d4 Nf6 2.Nc3 d6 3.e4 c6 4.f4 Qa5 5.e5 dxe5 6.fxe5 Ne4 7.Bd2 Nxd2 8.Qxd2 Bf5
9.Bd3 Bxd3 10.Qxd3 e6 11.Nf3 Qa6 12.O-O-O Qxd3 13.Rxd3 Be7 14.Ne4 Nd7 15.c4 b6
16.Rhd1 O-O 17.d5 cxd5 18.cxd5 exd5 19.Rxd5 Nc5 20.Nxc5 Bxc5 21.Rd7 a5 22.Rb7 Rad8
23.Rxd8 Rxd8 24.Kc2 h6 25.a3 g5 26.h3 Rd5 27.a4 Be3 28.g4 Kf8 29.Rb8+ Kg7
30.Re8 b5 31.e6 fxe6 32.Rxe6 Bf4 33.b3 b4 34.Rc6 Kh7 35.Rc4 Kg7 36.Nd4 Kf6
37.Nf3 Ke6 38.Nd4+ Ke5 39.Nf3+ Kd6 40.Rd4 Be3 41.Rxd5+ Kxd5 42.Kd3 Bb6 43.Nd2 Bc7
44.Nf3 Bb6 45.Nd2 Bc7 46.Nc4 Bd8 47.Ke3 Bc7 48.Nb2 Bf4+ 49.Kd3 Bc7 50.Nc4 Bd8
51.Ke3 Bc7 52.Kd3 Bd8 53.Ke3 Bc7  1/2-1/2

[Event "Open"]
[Site "Pula CRO"]
[Date "2001.05.24"]
[Round "7"]
[White "Sebestyen,Ba"]
[Black "Panchenko,AN"]
[Result "1-0"]
[WhiteElo "2125"]
[BlackElo "2377"]

1.d4 Nf6 2.Nc3 d6 3.e4 e5 4.dxe5 dxe5 5.Qxd8+ Kxd8 6.Bg5 Be6 7.O-O-O+ Nd7
8.Nf3 Kc8 9.Bd3 a6 10.a3 b5 11.Bxf6 gxf6 12.Nh4 c6 13.Ne2 a5 14.Nf5 Nc5 15.Neg3 Kc7
16.Kd2 Rd8 17.Ke2 Na4 18.Rb1 Rb8 19.Kf3 c5 20.Be2 c4 21.Ne3 c3 22.b4 axb4
23.axb4 Kc6 24.Ngf5 Rd8 25.Rhd1 Rxd1 26.Bxd1 Nb2 27.Be2 Bxb4 28.Nd1 Ba5 29.Nxb2 Ba2
30.Nc4 Bxb1 31.Nxa5+ Kb6 32.Nb3 Bxc2 33.Nc1 Ra8 34.Ne3 Ba4 35.Nd5+  1-0

[Event "TCh-NED Playoffs"]
[Site "Breda NED"]
[Date "2001.05.25"]
[Round "2"]
[White "De Vreugt,D"]
[Black "Ellenbroek,T"]
[Result "1-0"]
[WhiteElo "2460"]
[BlackElo "2077"]

1.e4 d6 2.d4 Nf6 3.Nc3 e5 4.Nf3 Nbd7 5.Bc4 Be7 6.O-O O-O 7.Re1 c6 8.a4 b6
9.d5 cxd5 10.Bxd5 Nxd5 11.Nxd5 Bb7 12.c4 f5 13.exf5 Rxf5 14.Nd4 Rf7 15.Ne6 Qc8
16.Nxe7+ Rxe7 17.Qxd6 Qc6 18.Qxc6 Bxc6 19.Nd4 Bb7 20.Nf5 Re6 21.Be3 Rf8 22.Rad1 Nc5
23.Bxc5 bxc5 24.Rd7 Rxf5 25.Rxb7 Rf7 26.Rb5 Rc7 27.Kf1 a6 28.Rb8+ Kf7 29.Rd1 Rh6
30.h3 Rh4 31.b3 Rd4 32.Ke2 Rc6 33.Rb7+ Kf6 34.a5 Re4+ 35.Kf3 Rf4+ 36.Ke3 Rd4
37.Rxd4 exd4+ 38.Kd3 Ke5 39.Rxg7 Rf6 40.f3 Re6 41.Rg4 Kd6 42.Re4 Rg6 43.Re2 Kc6
44.Kd2 Kd6 45.Kc2 Rf6 46.b4 cxb4 47.Kb3 Rf8 48.Re4 Kc5 49.Re5+ Kc6 50.Rd5 Rg8
51.Rxd4 Rxg2 52.Rh4 Rg5 53.Kxb4 h5 54.Rf4 Rg3 55.h4 Rh3 56.Rf6+ Kc7 57.Rf4 Kc6
58.Kc3 Rh1 59.Kd4 Rd1+ 60.Ke5 Ra1 61.Rf6+ Kc5 62.Rxa6 Kxc4 63.f4 Kb5 64.Ra8 Kc6
65.a6 Re1+ 66.Kf6 Re4 67.Kg5 Re7 68.f5 Rg7+ 69.Kxh5 Rg1 70.f6 Rf1 71.Kg6 Rg1+  1-0

[Event "FSIM June"]
[Site "Budapest HUN"]
[Date "2001.06.02"]
[Round "1"]
[White "Dobos,J"]
[Black "Berczes,C"]
[Result "1/2-1/2"]
[WhiteElo "2310"]
[BlackElo "2263"]

1.d4 d6 2.e4 Nf6 3.Nc3 e5 4.dxe5 dxe5 5.Qxd8+ Kxd8 6.Bc4 Be6 7.Bxe6 fxe6
8.f3 Bd6 9.Be3 a6 10.O-O-O Ke7 11.Nge2 Nc6 12.Kb1 b5 13.Nc1 Nd7  1/2-1/2

[Event "2nd IECC"]
[Site "Ohrid MKD"]
[Date "2001.06.03"]
[Round "3"]
[White "Azarov,S"]
[Black "Miles,A"]
[Result "1-0"]
[WhiteElo "2452"]
[BlackElo "2562"]

1.e4 d6 2.d4 Nf6 3.Nc3 c6 4.Nf3 Bg4 5.h3 Bh5 6.Be2 e6 7.Bg5 Be7 8.Qd2 Bg6
9.e5 Ne4 10.Nxe4 Bxe4 11.Bxe7 Qxe7 12.O-O-O d5 13.Ng5 Bg6 14.f4 h6 15.Nf3 c5
16.dxc5 Qxc5 17.Nd4 Nc6 18.Bb5 O-O-O 19.Bxc6 bxc6 20.Nb3 Qc4 21.Qf2 d4 22.Nxd4 Qxa2
23.Nb3 Be4 24.Qc5 Bxg2 25.Rhg1 Bf3 26.Rd6 Qa6 27.Kb1 g6 28.Nd2 Rxd6 29.exd6 Bh5
30.Nc4 Rd8 31.Re1 Rd7 32.Ne5 Qb6 33.Nxd7 Kxd7 34.b4 Bf3 35.Re3 Bd5 36.Ra3 Qxc5
37.bxc5 g5 38.Rxa7+ Ke8 39.fxg5 hxg5 40.Kc1 Bg2 41.Rc7 f5 42.Kd2 Kd8 43.Rg7 Bxh3
44.Rxg5 e5 45.Rg7 Bg4 46.Re7  1-0

[Event "2nd IECC"]
[Site "Ohrid MKD"]
[Date "2001.06.05"]
[Round "5"]
[White "Gdanski,J"]
[Black "Azmaiparashvili,Z"]
[Result "1/2-1/2"]
[WhiteElo "2528"]
[BlackElo "2670"]

1.e4 d6 2.d4 Nf6 3.Nc3 c6 4.f3 Qb6 5.Bc4 e5 6.Nge2 exd4 7.Nxd4 d5 8.exd5 Bc5
9.Qe2+ Kd8 10.Nb3 Re8 11.Ne4 cxd5 12.Nbxc5 dxe4 13.Nxe4 Be6 14.Bxe6 Rxe6
15.Be3 Qa5+ 16.Bd2 Qa6 17.Bg5 Qxe2+ 18.Kxe2 Nd7 19.Kf2 Rc8 20.c3 h6 21.Bxf6+ Nxf6
22.Rad1+ Ke7 23.Nxf6 Kxf6 24.Rhe1 Ra6 25.a3 Rb6 26.Re2 Rcc6 27.Rd4 a5 28.Ke1 g5
29.Kd1 Rd6 30.Rxd6+ Rxd6+ 31.Kc2 h5 32.b4 axb4 33.axb4 h4 34.c4 Rd8 35.c5 h3
36.gxh3 Rh8 37.Kc3 Rxh3 38.Kc4 Rxf3 39.b5 Rf1 40.c6 Rc1+ 41.Kd5 bxc6+ 42.bxc6 g4
43.Re4 Rd1+ 44.Kc5 Rc1+ 45.Kb6 Rb1+ 46.Kc7 Rc1 47.Kb7 Rb1+ 48.Kc8 Rb2 49.Rxg4 Rxh2
50.c7 Ke5 51.Rg8 f5 52.Kd7 Rh7+ 53.Kc6 Rxc7+ 54.Kxc7 f4 55.Rf8 Ke4 56.Kd6 f3
57.Ke6 Ke3 58.Kf5 f2 59.Kg4 Ke2 60.Re8+ Kd2  1/2-1/2

[Event "2nd IECC"]
[Site "Ohrid MKD"]
[Date "2001.06.07"]
[Round "7"]
[White "Gicov,Z"]
[Black "Cyborowski,L"]
[Result "0-1"]
[WhiteElo "2257"]
[BlackElo "2450"]

1.e4 d6 2.d4 Nf6 3.Nc3 e5 4.dxe5 dxe5 5.Qxd8+ Kxd8 6.Bg5 Be6 7.O-O-O+ Nd7
8.Nge2 Be7 9.f3 c6 10.Ng3 g6 11.Be2 h6 12.Be3 Kc8 13.f4 exf4 14.Bxf4 Bd8
15.Bf3 Bc7 16.Nge2 Bxf4+ 17.Nxf4 Kc7 18.Rhe1 Ne5 19.Nd3 Nfd7 20.Ne2 Nxd3+
21.Rxd3 Bc4 22.Rc3 Bxe2 23.Bxe2 Ne5 24.Rf1 Rad8 25.b3 h5 26.Rd1 Rxd1+ 27.Kxd1 Rd8+
28.Ke1 Rd4 29.Re3 Kd7 30.a4 a5 31.h3 Kc7 32.Bf3 b5 33.axb5 cxb5 34.Rc3+ Kb6
35.Rc8 a4 36.bxa4 bxa4 37.Ra8 Kb5 38.Ke2 Kb4 39.Ke3 Kc3 40.Be2 Rb4 41.Kf4 f6
42.g4 hxg4 43.hxg4 Nd7 44.Ra7 Nc5 45.Bf3 Kb2 46.c3 Kxc3 47.Ra5 Nd3+ 48.Ke3 Ne5
49.Be2 g5 50.Ra6 Nd7 51.Bd1 Nc5 52.Rc6 Rxe4+ 53.Kf3 Rf4+ 54.Kg3 Kb4 55.Bf3 a3
56.Bd5 Ne4+ 57.Kh3 Nf2+ 58.Kg3 Ne4+ 59.Kh2 Nf2 60.Be6 Nxg4+ 61.Kg3 Ne5 62.Rb6+ Kc5
63.Ra6 Rf3+ 64.Kg2 Rc3 65.Bg8 f5 66.Rf6 f4 67.Rf5 Rg3+ 68.Kf2 Kd4 69.Rf8 Rf3+
70.Kg2 Rc3 71.Rd8+ Ke3 72.Re8 Rc2+ 73.Kg1 Rc1+ 74.Kg2 f3+ 75.Kg3 Rg1+ 76.Kh2 Rg2+
77.Kh1 Kf2 78.Rxe5 Rg4  0-1

[Event "2nd IECC"]
[Site "Ohrid MKD"]
[Date "2001.06.07"]
[Round "7"]
[White "Miladinovic,I"]
[Black "Azmaiparashvili,Z"]
[Result "0-1"]
[WhiteElo "2519"]
[BlackElo "2670"]

1.d4 d6 2.e4 Nf6 3.Nc3 c6 4.Nf3 Bg4 5.h3 Bxf3 6.Qxf3 e5 7.dxe5 dxe5 8.g4 Bc5
9.Ne2 Na6 10.c3 Nc7 11.g5 Nd7 12.h4 Qe7 13.Ng3 g6 14.Bc4 Rf8 15.Qg4 Bxf2+
16.Kxf2 Qc5+ 17.Be3 Qxc4 18.Qe2 Qe6 19.Kg2 O-O-O 20.a4 Kb8 21.Rhf1 Ne8 22.Rad1 Nd6
23.b4 Nc8 24.a5 f5 25.gxf6 Nxf6 26.Rxd8 Rxd8 27.Bg5 Rf8 28.b5 Nd7 29.Rb1 cxb5
30.Rxb5 Qc6 31.Rd5 Re8 32.Kh2 Nf6 33.Rd1 h5 34.Kg2 Ng4 35.Rf1 Qxc3 36.a6 bxa6
37.Rc1 Qb3 38.Rc2 Qb7 39.Rb2 Nb6 40.Qd3 Re6 41.Ne2 Rc6 42.Nc3 Rc4 43.Nd5 Qc8
44.Be7 Kb7 45.Bd6 Qc6 46.Bc7 Rd4 47.Qf3 Qc1 48.Qb3 Rd2+  0-1

[Event "FSIM June"]
[Site "Budapest HUN"]
[Date "2001.06.08"]
[Round "7"]
[White "Castaneda,N"]
[Black "Berczes,C"]
[Result "1/2-1/2"]
[WhiteElo "2341"]
[BlackElo "2263"]

1.e4 d6 2.d4 Nf6 3.Nc3 e5 4.dxe5 dxe5 5.Qxd8+ Kxd8 6.Bg5 Be6 7.O-O-O+ Kc8
8.Nf3 Nbd7 9.a3 a6 10.Bh4 h6 11.Be2 b5 12.Bxf6 gxf6 13.Nh4 Bc5 14.Rhf1 c6
15.Nf5 Kc7 16.g3 Nf8 17.Kb1 Ng6 18.h4 a5 19.h5 Ne7 20.f4 exf4 21.Rxf4 Bxf5
22.exf5 Rad8 23.Rxd8 Rxd8 24.Ne4 Bd4 25.c3 Be5 26.Rf3 Nc8 27.Kc2 Nd6 28.Nxd6 Bxd6
29.Re3 Be5 30.b3 Rd7 31.a4 bxa4 32.bxa4 Re7 33.Bc4 Bd6 34.Rxe7+ Bxe7 35.Kd3 Bd6
36.g4 Bf4 37.Bxf7 Kd6 38.Bb3 Kc5 39.Ke4 Bg5 40.Kd3 Bf4 41.Bd1 Bg5 42.Be2 Bf4
43.Ke4 Bg5 44.Ba6 Bd2 45.Kd3 Bg5 46.Bc8 Bf4 47.Bd7 Bg5 48.Ke4  1/2-1/2

[Event "Open"]
[Site "Estensi ITA"]
[Date "2001.06.08"]
[Round "7"]
[White "Caoili,A"]
[Black "Vezzani,S"]
[Result "1/2-1/2"]
[WhiteElo "2140"]
[BlackElo "2230"]

1.e4 d6 2.d4 Nf6 3.Nc3 e5 4.dxe5 dxe5 5.Qxd8+ Kxd8 6.Nf3 Bd6 7.Bc4 Ke7 8.O-O c6
9.Nh4 g6 10.Bh6 Be6 11.Bxe6 Kxe6 12.g3 Nbd7 13.h3 Nh5  1/2-1/2

[Event "2nd IECC"]
[Site "Ohrid MKD"]
[Date "2001.06.10"]
[Round "9"]
[White "Ekstroem,R"]
[Black "Mitkov,N"]
[Result "1-0"]
[WhiteElo "2492"]
[BlackElo "2578"]

1.e4 d6 2.d4 Nf6 3.Nc3 e5 4.Nf3 Nbd7 5.Bc4 Be7 6.O-O O-O 7.Re1 c6 8.a4 a5
9.h3 exd4 10.Qxd4 Nc5 11.b3 Be6 12.Bxe6 Nxe6 13.Qd2 Qb6 14.Ba3 Rad8 15.Nd5 cxd5
16.exd5 Nxd5 17.Qxd5 Rfe8 18.Rad1 Rc8 19.Nd4 Nxd4 20.Rxd4 Bf6 21.Rde4 Rxe4
22.Rxe4 Be5 23.Rc4 Rxc4 24.Qxc4 Qc6 25.Qxc6 bxc6 26.b4 axb4 27.Bxb4 Kf8 28.a5 Ke7
29.a6 Bd4 30.Bc3 Ba7 31.Bxg7 d5 32.g4 Kd6 33.g5 Kc5 34.f4 Kb5+ 35.Kg2 Kxa6
36.h4 Be3 37.Kf3 Bc1 38.h5 Kb5 39.Kg4 Kc4 40.f5 d4 41.g6 hxg6 42.fxg6 fxg6
43.hxg6 d3 44.cxd3+ Kxd3 45.Kh5 Ba3 46.Kh6 Be7 47.Kh7 c5 48.Bd4 Kxd4 49.g7 c4
50.g8=Q c3 51.Qg7+ Kd3 52.Qxe7 c2 53.Qe1  1-0

[Event "FSIM June"]
[Site "Budapest HUN"]
[Date "2001.06.12"]
[Round "11"]
[White "Wang Shuai"]
[Black "Berczes,C"]
[Result "1-0"]
[WhiteElo "2156"]
[BlackElo "2263"]

1.e4 d6 2.d4 Nf6 3.Nc3 e5 4.dxe5 dxe5 5.Qxd8+ Kxd8 6.Bc4 Be6 7.Bxe6 fxe6
8.Be3 Bd6 9.f3 a6 10.Nge2 Ke7 11.Nd1 Nc6 12.Nf2 Nb4 13.Kd2 Rhd8 14.Kc1 h6
15.c3 Nc6 16.Kc2 Nd7 17.Nd3 Na5 18.Bf2 c5 19.Bh4+ Nf6 20.Rad1 b5 21.Nf2 c4
22.Ng4 g5 23.Bf2 Nxg4 24.fxg4 Nb7 25.h4 Rf8 26.Bg1 Rf7 27.hxg5 hxg5 28.Be3 Rg8
29.Rh5 Ke8 30.Ng3 Bc5 31.Rxg5 Rxg5 32.Bxg5 Rg7 33.Bf6 Rxg4 34.Bxe5 Bf2 35.Nh5 Rxg2
36.Rd2 Nc5 37.Nf4 Rh2 38.Nxe6 Bg3 39.Rxh2 Bxh2 40.Nc7+ Kd7 41.Bxh2 Nxe4 42.Nxa6 Kc6
43.Nb4+ Kb7 44.Bg1 Ng5 45.Bd4 Kc7 46.Kd2 Kd6 47.Ke3 Ne6 48.Bf6 Nc5 49.Bd4 Ne6
50.Ba7 Nd8 51.Ke4 Nb7 52.Kd4 Ke6 53.Bb8  1-0

[Event "2nd IECC"]
[Site "Ohrid MKD"]
[Date "2001.06.12"]
[Round "11"]
[White "Vaisser,A"]
[Black "Georgiev,Vl"]
[Result "1-0"]
[WhiteElo "2540"]
[BlackElo "2592"]

1.d4 d6 2.e4 Nf6 3.Nc3 e5 4.dxe5 dxe5 5.Qxd8+ Kxd8 6.Bc4 Be6 7.Bxe6 fxe6
8.f3 a6 9.Be3 Bb4 10.Ne2 Ke7 11.a3 Bd6 12.Nc1 c5 13.Na4 Nbd7 14.b3 c4 15.bxc4 Rac8
16.Nb2 b5 17.Nb3 bxc4 18.Na5 c3 19.Nd3 Bc7 20.Nc6+ Kf7 21.Ke2 Bd6 22.Na5 Bc7
23.Nb7 g5 24.g4 h5 25.h3 Rb8 26.Nbc5 Nxc5 27.Bxc5 Nd7 28.Be3 Bd8 29.Nb4 Bf6
30.Nxa6 Rb2 31.Nb4 Be7 32.Bc1 Nb6 33.Bxb2 cxb2 34.Rad1 Ra8 35.Rd3 Nc4 36.Rb1 Nxa3
37.Rxb2 Bxb4 38.Rxb4 Nxc2 39.Rb7+ Kf6 40.gxh5 Nd4+ 41.Ke3 Ra2 42.Rc3 g4 43.hxg4 Ne2
44.Rcb3 Nd4 45.Rc3 Ne2 46.Ra3 Rxa3+ 47.Kxe2 Ra2+ 48.Ke3 Rh2 49.Rh7 Kg5 50.Rf7 Ra2
51.Kd3 Ra8 52.Kc4 Rc8+ 53.Kd3 Ra8 54.Kd2 Ra2+ 55.Kc3 Ra8 56.Kb4 Rc8 57.Kb5 Rc3
58.Rf8 Rc1 59.Rg8+ Kf4 60.g5 Rh1 61.g6 Kg5 62.Rh8 Kf6 63.Rh7 Rb1+ 64.Kc4 Rb8
65.Kd3 Ra8 66.g7 Ra3+ 67.Ke2 Ra2+ 68.Ke3 Ra3+ 69.Kf2 Ra2+ 70.Kg3 Ra1 71.h6 Rg1+
72.Kf2 Rh1 73.Rh8  1-0

[Event "2nd IECC"]
[Site "Ohrid MKD"]
[Date "2001.06.13"]
[Round "12"]
[White "Petrov,M"]
[Black "Morrison,Ch"]
[Result "1-0"]
[WhiteElo "2425"]
[BlackElo "2176"]

1.e4 d6 2.d4 Nf6 3.Nc3 c6 4.f4 Qa5 5.Bd3 e5 6.Nf3 Bg4 7.Be3 Nbd7 8.O-O Be7
9.h3 Bh5 10.g4 exf4 11.Bxf4 Bg6 12.Qe1 O-O 13.Nd5 Qd8 14.Nxe7+ Qxe7 15.Qb4 c5
16.Qxb7 c4 17.Bxc4 Bxe4 18.Rae1 Rfb8 19.Qa6 Rb6 20.Qa3 Nf8 21.g5 Qc7 22.gxf6 Qxc4
23.Rxe4 Qxc2 24.Nd2 Rxb2 25.fxg7 Ng6 26.Qxd6 Rb6 27.Qd5 Nxf4 28.Qxa8+ Kxg7
29.Rexf4 Rg6+ 30.Kh1 Qxd2 31.Rxf7+ Kh6 32.Qf8+  1-0